Radiohead - Kid A Songs - Statistics

General Stats
  • This quiz has been taken 30 times
  • The average score is 9 of 11
Answer Stats
Spotify Streams Song % Correct
226,462,130 Everything In Its Right Place
96%
43,730,092 Kid A
92%
159,780,492 How To Disappear Completely
88%
59,824,968 The National Anthem
83%
25,326,476 Morning Bell
79%
76,858,020 Motion Picture Soundtrack
79%
39,088,035 Treefingers
75%
16,007,965 Untitled
75%
83,604,196 Idioteque
71%
26,897,548 In Limbo
67%
45,590,633 Optimistic
67%
No matching quizzes found
Score Distribution
Percent of People with Each Score
Percentile by Number Answered
Your Score History
You have not taken this quiz